<?xml version="1.0" encoding="UTF-8"?>
<collection xmlns="http://www.loc.gov/MARC21/slim">
 <record>
  <leader>01202pam a22002298a 4500</leader>
  <controlfield tag="001">00025551</controlfield>
  <controlfield tag="005">20171026081022.0</controlfield>
  <controlfield tag="008">110806s2011                  ||||||viesd</controlfield>
  <datafield tag="041" ind1="0" ind2="#">
   <subfield code="a">vie</subfield>
  </datafield>
  <datafield tag="082" ind1="1" ind2="4">
   <subfield code="a">895.922 34</subfield>
   <subfield code="b">T550C</subfield>
  </datafield>
  <datafield tag="100" ind1="1" ind2="#">
   <subfield code="a">Nguyễn, Đắc Hiền</subfield>
   <subfield code="d">1938 -</subfield>
  </datafield>
  <datafield tag="245" ind1="1" ind2="0">
   <subfield code="a">Từ cuộc sống</subfield>
   <subfield code="c">Nguyễn Đắc Hiền</subfield>
  </datafield>
  <datafield tag="260" ind1="#" ind2="#">
   <subfield code="a">Hà Nội</subfield>
   <subfield code="b">Văn học</subfield>
   <subfield code="c">2011</subfield>
  </datafield>
  <datafield tag="300" ind1="#" ind2="#">
   <subfield code="a">526 tr.</subfield>
   <subfield code="c">24 cm.</subfield>
  </datafield>
  <datafield tag="650" ind1="#" ind2="4">
   <subfield code="a">Văn học hiện đại</subfield>
   <subfield code="x">Truyện ngắn</subfield>
   <subfield code="z">Việt Nam</subfield>
  </datafield>
  <datafield tag="653" ind1="#" ind2="#">
   <subfield code="a">Truyện ngắn</subfield>
  </datafield>
  <datafield tag="852" ind1="#" ind2="#">
   <subfield code="b">Kho mượn</subfield>
   <subfield code="j">KM.0010958, KM.0010304, KM.0010305, KM.0010318, KM.0010956, KM.0010948, KM.0010953, KM.0010957, KM.0010954, KM.0007757, KM.0010951, KM.0006049, KM.0010615, KM.0010628, KM.0010952, KM.0010633, KM.0010302, KM.0009685, KM.0010959</subfield>
  </datafield>
  <datafield tag="852" ind1="#" ind2="#">
   <subfield code="b">Kho đọc</subfield>
   <subfield code="j">KD.0010457</subfield>
  </datafield>
  <datafield tag="852" ind1="#" ind2="#">
   <subfield code="j">KM.0010959</subfield>
   <subfield code="j">KM.0010958</subfield>
   <subfield code="j">KM.0010305</subfield>
   <subfield code="j">KM.0010318</subfield>
   <subfield code="j">KM.0010953</subfield>
   <subfield code="j">KM.0010957</subfield>
   <subfield code="j">KM.0010954</subfield>
   <subfield code="j">KM.0007757</subfield>
   <subfield code="j">KM.0010951</subfield>
   <subfield code="j">KM.0006049</subfield>
   <subfield code="j">KM.0010628</subfield>
   <subfield code="j">KM.0010952</subfield>
   <subfield code="j">KM.0010302</subfield>
   <subfield code="j">KM.0009685</subfield>
   <subfield code="j">KD.0010457</subfield>
   <subfield code="j">KM.0010615</subfield>
   <subfield code="j">KM.0010633</subfield>
   <subfield code="j">KM.0010304</subfield>
   <subfield code="j">KM.0010948</subfield>
   <subfield code="j">KM.0010956</subfield>
  </datafield>
  <datafield tag="910" ind1=" " ind2=" ">
   <subfield code="d">06/08/2011</subfield>
  </datafield>
  <datafield tag="980" ind1="#" ind2="#">
   <subfield code="a">Trung tâm Học liệu Lê Vũ Hùng, Trường Đại học Đồng Tháp</subfield>
  </datafield>
 </record>
</collection>
